000 00599nam a2200193Ia 4500
003 GCL
008 140319s9999 xx 000 0 ara d
040 _aGCL /
_cGCL
082 0 4 _a350.01
_bص و
100 1 _aصلاح الدين بسيونى رسلان
245 1 0 _aالوزارة فى الفكر السياسى :
_bدراسة مقارنة /
_cصلاح الدين بسيونى رسلان
300 _a79 ص ؛
_c24 سم
490 _a
650 0 4 _aالسياسة
650 0 4 _aالوزراء
650 0 4 _aالسلطة التنفيذية
650 0 4 _aالوزارات
942 _2ddc
_cBK
999 _c39301
_d39301